000 00664nmm a2200169Ia 4500
008 251105s9999||||xx |||||||||||||||||und||
020 _a9789587383263
041 _aspa
100 _aHernandez Carvajal, Maria Eugenia
245 0 _aNi con pequeño trabajo, ni con pequeño favor de Dios : Fray Pedro Aguado y Fray Antonio de Medrano frente a la conquista del Nuevo Reino de Granada, 1550-1582
264 _a[Bogotá, Colombia] :
_bUniversidad del Rosario,
_c2013
300 _a96 páginas
490 _aTextos de Ciencias Humanas
650 _aHistory of the Americas: Latin America
856 _uhttps://public.digitaliapublishing.com/a/46359
942 _cCF
999 _c95747
_d95747